000 00490cam a22001451 4500
082 _a959.1
_bBUR
_cL-30, P-57
100 1 _aBurchett, Wilfred G.,
_949022
245 1 0 _aTrek back from Burma,
_cby W. G. Burchett.
260 _aAllahabad,
_bKitabistan
_c[1943?]
300 _a4 p. l., 330 p.
_c22 cm.
526 _a0
_b0
_c0
_d959_100000000000000_BUR
650 0 _aWorld War, 1939-1945
_xPersonal narratives, Australian.
_949050
650 0 _aWorld War, 1939-1945
_zBurma.
_949051
942 _2ddc
_cBK
999 _c551879
_d551879